Cisco: A Beginner's Guide (Record no. 617770)

MARC details
000 -LEADER
fixed length control field 00436nam a22001577a 4500
008 - FIXED-LENGTH DATA ELEMENTS--GENERAL INFORMATION
fixed length control field 260316b |||||||| |||| 00| 0 eng d
020 ## - INTERNATIONAL STANDARD BOOK NUMBER
ISBN 9780070659698
Paper back/Hardbound pbk
082 ## - DEWEY DECIMAL CLASSIFICATION NUMBER
Classification number 004.6
Item number VEL
100 ## - MAIN ENTRY--AUTHOR NAME
Personal name Velte, Toby
245 ## - TITLE STATEMENT
Title Cisco: A Beginner's Guide
Sub Title Fourth edition
260 ## - PUBLICATION, DISTRIBUTION, ETC. (IMPRINT)
Place of publication America
Name of publisher Tata McGraw Hill Education
Year of publication ‎ 1 January 2007
300 ## - PHYSICAL DESCRIPTION
Number of Pages xxvi 679 p.
504 ## - BIBLIOGRAPHY, ETC. NOTE
Bibliography, etc Includes index
942 ## - ADDED ENTRY ELEMENTS (KOHA)
Koha item type English Books
Holdings
Withdrawn status Lost status Damaged status Not for loan Home library Current library Shelving location Date acquired Full call number Accession Number Cost, replacement price Price effective from Koha item type
        Anna Centenary Library Anna Centenary Library 3RD FLOOR, A WING 03.08.2010 004.6 VEL 257181 2137.00 16.03.2026 Reference

Find us on the map